10 najwięszkszych gór w Europie - Statystyki

Ogólne statystyki
  • Ten quiz został rozwiązany 21 razy
  • Średni wynik to 5 z 10
Statystyki odpowiedzi
Kraje odpowiedź % Poprawnych
Francja,Włochy,Szwajcaria,Niemcy,Austria Alpy
100%
Polska,Słowacja,Rumunia,Ukraina,Austria,Węgry,Serbia Karpaty
90%
Hiszpania,Andora,Francja Pireneje
90%
Bułgaria Pirin
90%
Włochy Apeniny
43%
Grecja Olimp
29%
Hiszpania Góry Betyckie
14%
Albania,Macedonia Korab
14%
Bułgaria Riła
10%
Albania Góry Dynajskie
0%
Nie znaleziono quizów pasujących do podanych kryteriów
Rozkład punktacji
Procent ludzi z każdym wynikiem
Percentyl według liczby udzielonych odpowiedzi
Twoja historia wyników
Nie rozwiązałeś tego quizu